MDQL
is popping MORE tags! Check the
thread
!
Quizzes
Events
Quiz Creation
Community
Videos
Private Events
Remove Ads
Sign In
Join for FREE
Feedback
Dark Mode
Quiz Categories
Sports
Geography
Music
Movies
Television
Just For Fun
Miscellaneous
History
Literature
Language
Science
Gaming
Entertainment
Religion
Holiday
For Kids
Quiz Lab
Recent
Popular Today
Quiz Kudos Today
Editor Picks
Curator Picks
Quizzes by...
Day
Popularity
Type
Ratings
Length
Year
Community
Subscriptions
Recent Discussions
Orange Saloon
Badges
Playlists
Quests
Create
Leaderboards
Showdown
Live 5
Trivia Bingo
Activity
Puzzle Library
Sporcle Events
Private Events
Virtual Trivia
Globe League
Become a Host
Pub Owners
SporcleCon
Opinionation
Our Games
Videos
Blog
Mobile Apps
Partnerships
Remove Ads and Go Orange
Feedback
Movies
Disney
Marvel Cinematic Universe
Movie Resume
Movie Titles
Oscar
Actor
Actress
Director
Pixar
Role
Movie Quotes
Movie Characters
Box Office
Nominee
Best Picture
Star Wars
James Bond
Horror Movies
Movies
Disney
Marvel Cinematic Universe
Movie Resume
Movie Titles
Oscar
Actor
Actress
Director
Pixar
Role
Movie Quotes
Movie Characters
Box Office
Nominee
Best Picture
Star Wars
James Bond
Horror Movies
Random Quiz
Search Sporcle
×
Quiz Lab
Quiz Lab
Movies
Chamber
Type in answers that appear in a list
Type in answers that appear in a list
Classic
Best Score? Go Orange.
Chamber of Secrets Trivia Stats
Can you name the Chamber of Secrets Trivia?
By
kittyhag
7m
25 Questions
135 Plays
135 Plays
135 Plays
Comments
Comments
Give Quiz Kudos
Give Quiz Kudos
-
- Ratings
hide this ad
Replay
Link that replays current quiz
Next Quiz
Link to next quiz in quiz playlist
You Got
0%
They Got
Avg Score
41%
Avg Friend Score
Upgrade to see
Score Distribution
Jump to the score distribution portion of the page
Score
0/25
Timer
07:00
0
Plays Today
Question
Answer
% Correct
What street does Harry land on using floo powder?
Knockturn Alley
83%
Where is Hagrid sent?
Azkaban
81.5%
Who is Percy dating?
Penelope Clearwater
78.5%
What does M stand for in T. M. Riddle?
Marvolo
70.4%
What type of car do the Weasleys drive?
Ford Anglia
66.7%
What does Hermoine write on the paper found in her hand?
Pipes
60.7%
What does a Phoenix turn into when it dies?
Ashes
55.6%
What does Harry take to get the bones in his arm back?
Skelegro
51.1%
What month is Tom Riddle's memory in?
June
48.9%
What is enscribed on the side of the faucet across from Myrtle's stall?
Snake
45.2%
What does Mr Borgin say is the best friend of thieves and plunderers?
Hand of Glory
40%
Who does Hermione try to become using the Polyjuice Potion?
Millicent Bulstrode
39.3%
What does Hagrid use an Engorgement Charm on?
Pumpkins
37.8%
Question
Answer
% Correct
What course does Filch want to take?
Kwikspell
37%
Where was Justin attending before he found out he was a wizard?
Eton
36.3%
Who tells Harry the legend of the Chamber of Secrets?
Professor Binns
34.1%
Who was the headmaster when Tom Riddle attended Hogwarts?
Professor Dippet
31.9%
What do the Dursley's give Harry for Christmas?
Toothpick
29.6%
Who sat next to Ginny Weasley in Charms?
Colin Creevey
28.9%
Who gives Harry permission to take a book out of the restricted section?
Professor Lockhar
23.7%
Who is mortally afraid of birds of all shapes and sizes?
Mrs Mason
21.5%
Where is Harry when he finds out Ginny has been 'killed'?
Staffroom
17.8%
What charm does Harry use on Malfoy during the duelling practice?
Tickling Charm
13.3%
What does the Polyjuice Potion taste like?
Overcooked Cabbage
11.1%
What are 2 items that get thrown at Moaning Myrtle?
Diary and Mouldy Peanuts
0.7%
Quiz Playlist
Details
Report
Send in Message
Add To Playlist
Classic:
Type in answers that appear in a list
Last Updated: Feb 16, 2017
Quiz Scoreboard
CHALLENGE
Sign Up to Join the Scoreboard
Show All
Scores
Hide
Comments
May contain spoilers
Recently Published
5x2 Blitz: Bands
by SL_Kpop136
Music
30s
Colored Red Africa Blitz
by spor1
Geography
30s
Find the 'City' Movie
by crazypaving
Movies
60s
More to Explore
Quiz From the Vault
Featured Blog Post
14 Easter Pick-up Lines to Find Eggs With
hide this ad
You Might Also Like...
Tags
Chamber
secret
Today's Top Quizzes in Movies
Browse Movies
hide this ad
Today's Top Quizzes in Chamber
Browse Chamber
Top Contributed Quizzes in Movies
1
Find The 'Big' Movie
2
Find The 'Blue' Movie
3
Find The 'Wild' Movie
4
Movies By Plot
5
Hidden Star Wars Character II
6
Pick 5 Posters: Directed by Spielberg
7
Hidden Star Wars Character III
8
Hidden Star Wars Character IV
9
25 Best Actor Nominees (1990s)
10
Alfred Hitchcock Movies by Plot
Explore More
Trending Topics
Harry Potter
Anime
Marvel
Crossword
Disney
Kpop
NBA
Soccer
Puzzle
NFL
WWE
The Office
Country
Pokémon
Song
hide this ad
More By:
kittyhag
Quiz
Plays
Rating
Category
Featured
Created
Prisoner of Azkaban Trivia
193
2.00
Literature
May 8, 2011
Chamber of Secrets Trivia
135
1.00
Movies
May 3, 2011
Sorcerer's Stone Trivia
60
3.00
Literature
May 4, 2011
Go to Creator's Profile
Score Distribution
Quiz Creator Spotlight
kittyhag
Follow
Send a Message
Quizzes Created
-
Created Quiz Play Count
-
More By This Creator
Popular Quizzes Today
1
Colored Red Africa Blitz
2
Find the 'City' Movie
3
5x2 Blitz: Bands
4
Find the US States - No Outlines Minefield
5
The Countries of the World
6
Find the US States
7
US States
8
Find the Countries of Europe - No Outlines Minefield
More Movies Quizzes
Movie by Titular Villain
Quiz Lab
Trending Quizzes
Colored Red Europe Blitz I
Colored Red Europe Blitz II
Colored Red Africa Blitz II
Colored Red Europe Blitz III
Colored Red Africa Blitz III
Recently Updated
How Do You Spell That?
pecheneg
Godzilla Movies
pecheneg
Grab Bag: 4-10 Letters
pecheneg
2024 March Madness Bracket
pecheneg
Famous TV Couples
Peacemaker
Champions League XIs: Real Madrid
pecheneg
Largest US Cities 1790-2010
pecheneg
Rides in Walt Disney World
pecheneg
Most Oscar Losses (Acting)
pecheneg
Beyoncé Albums
pecheneg
Trending Topics
Marvel
Anime
Harry Potter
Crossword
Disney
Kpop
NBA
Song
NFL
Pokémon
WWE
Country
The Office
Puzzle
Soccer
Your Account Isn't Verified!
In order to create a playlist on Sporcle, you need to verify the email address you used during registration. Go to your
Sporcle Settings
to finish the process.
Report this User
Report this user for behavior that violates our
Community Guidelines
.
Details:
Send Report
Go to the Sporcle.com Mobile Site →
Comments